|
|
|
|
| LEADER |
00000cam a2200000 a 4500 |
| 001 |
vtls001221474 |
| 003 |
SK-MaSNL |
| 005 |
20260301234135.0 |
| 008 |
240621s1996 xo gr 000 f slo |
| 015 |
|
|
|a SNBA1997/0501337
|
| 020 |
|
|
|a 8007008462
|q (brož.)
|
| 035 |
|
|
|a SNK000166646
|
| 035 |
|
|
|a urn:nbn:sk:snk-amkru3
|
| 035 |
|
|
|a urn:nbn:sk:snk-am005b8i
|
| 035 |
|
|
|a 72B35008-6417-4B6F-93DF-6EBC6155E1F5
|
| 040 |
|
|
|a SNK
|b slo
|c SNK
|e AACR2
|
| 041 |
1 |
|
|a slo
|h eng
|
| 044 |
|
|
|a xo
|c SK
|
| 072 |
|
7 |
|a 821.111(73)-3
|x Americká próza
|2 konspekt
|
| 080 |
|
|
|a 821.111(73)-31
|2 2011
|
| 080 |
|
|
|a 82-31
|2 2011
|
| 100 |
1 |
|
|a Pascal, Francine,
|d 1938-2024
|4 aut
|9 40936
|
| 240 |
1 |
0 |
|a Sweet valley high - Secrets
|l Slovensky
|
| 245 |
1 |
0 |
|a Sladké údolie
|n 2
|p Tajnosti
|c námet Francine Pascalová ; z anglického originálu preložila Oľga Horská
|
| 246 |
3 |
0 |
|a Tajnosti
|
| 250 |
|
|
|a 1. vyd.
|
| 260 |
|
|
|a Bratislava
|b Príroda
|c 1996
|
| 300 |
|
|
|a 88 s.
|c 20 cm
|
| 500 |
|
|
|a Napísala Kate Williamová
|
| 500 |
|
|
|a Údaj o prekl. prevzatý z rubu tit. strany
|
| 655 |
|
7 |
|a dievčenské romány
|2 SNKPH
|9 1548
|
| 655 |
|
7 |
|a americké romány
|2 SNKPH
|9 1174
|
| 700 |
1 |
|
|a Hadrabová-Horská, Oľga,
|d 1935-
|4 trl
|9 115526
|
| 852 |
|
|
|a Slovenská národná knižnica
|
| 919 |
|
|
|a 80-07-00846-2
|
| 954 |
|
|
|a beletria cudzojazyčná (svetová)
|2 lita
|
| 958 |
|
|
|a OND
|
| 958 |
|
|
|a LX
|
| 958 |
|
|
|a UP
|
| 968 |
|
|
|a SLO
|b ENG
|
| 999 |
|
|
|c 969021
|d 970951
|
| 952 |
|
|
|t P60, <09>, [BOOK], {629}
|a SNK
|b SNK
|y NEVYP
|7 0
|o snkC 1971
|i snk3662/961024
|0 0
|1 0
|4 0
|d 1996-10-17
|l 0
|r 2005-01-01 00:00:00
|w 2026-02-24
|
| 952 |
|
|
|t P60, <03>, [BOOK], {603}
|a SNK
|b SNK
|y PREZ
|7 0
|p 17A0028034
|o snkSD 68286/2
|i snkKSP 697/97
|0 0
|1 0
|4 0
|d 1997-01-21
|l 0
|r 2005-01-01 00:00:00
|w 2026-02-24
|
| 952 |
|
|
|a SNK
|b SNK
|y VYP
|7 0
|p 17A0033272
|o snkSD 68286/2 D1
|i snkKSP 698/97
|0 0
|1 0
|4 0
|d 1997-01-28
|f 1
|l 0
|r 2005-01-01 00:00:00
|w 2026-02-24
|